01245nam a2200265 4500001000700000003000900007005001700016007000300033008004100036100002600077245005400103260003600157300003100193505044500224700004300669700002600712740002300738740003800761740003700799740002300836740005200859740001600911740001800927852003400945127253ES-MaACL20230906192956.0t|070214m19471955sp r ||||1| spa d1 aReynold, Gonzague de.13aLa formación de Europa / cGonzague de Reynold. aMadrid : bPegaso, c1947-1955. a5 tomos en 6 v. ; c22 cm.8 aContiene: Tomo I. ¿Qué es Europa?. Tomo II. El mundo griego y su pensamiento, traducción de José Miguel de Azaola. Tomo III. El helenismo y el genio europeo, traducción de José Miguel de Azaola. Tomo IV. El Imperio Romano. traducción de José Miguel de Azaola. Tomo V. El mundo bárbaro y su fusión con el romano. 1. Los celtas, traducción de José Miguel de Azaola. 2. Los germanos, traducción de J. García Mercadel1 aAzaola, José Miguel de (d1917-2007)1 aGarcía Mercadel, J.0 a¿Qué es Europa?0 aEl mundo griego y su pensamiento.0 aEl helenismo y el genio europeo.0 aEl Imperio Romano.0 aEl mundo bárbaro y su fusión con el romano.0 aLos celtas.0 aLos germanos. aES-MaACLjE-9925-30 bR.24059